| 000 | 00598nam a2200181Ia 4500 | ||
|---|---|---|---|
| 008 | 090122s9999 xx 000 0 und d | ||
| 082 | _b11101 | ||
| 100 |
_aधोंड _bम _cवा |
||
| 245 | _aऐसा विटेवर देव कोठे | ||
| 260 |
_bराजहंस _c2002 |
||
| 300 | _a115 | ||
| 501 | _aप्रतिभा बुक डेपो / बि.नं. 396 | ||
| 600 | _aधोंड | ||
| 630 | _aऐसा विटेवर देव कोठे | ||
| 700 | _aधोंड | ||
| 730 | _aऐसा विटेवर देव कोठे | ||
| 942 | _cBOOK | ||
| 999 |
_c35178 _d35178 |
||